000 00615cam a22002293a 4500
001 23215
003 PGUSA
005 20140828083508.0
008 071027s2007||||xxu|||||s|||||000 1 eng d
040 _aPGUSA
_beng
042 _adc
050 4 _aPS
100 1 _aRead, Opie Percival,
_d1852-1939
245 1 0 _aOld Ebenezer
_h[electronic resource] /
_cOpie Percival Read
260 _bProject Gutenberg,
_c2007
506 _aPublic domain in the USA.
516 _aElectronic text
653 _aFiction
830 0 _aProject Gutenberg
_v23215
856 4 0 _uhttp://www.gutenberg.org/ebooks/23215
942 _cEB
999 _c252470
_d252470